01493 a2200181 45000010006000000050017000060080041000230030015000640400040000790800032001192450030001510200022001812640039002033000019002425050923002611000028011848560099012124708620260407155739.0260407a1991 arg spa dAR-UNSa-BCEJYS aAR-UNSa-BCEJYSbspacAR-UNSa-BCEJYS a94:33xHistoria económica10aHistoria de la economía a978-950-9122-13-0 1aBarcelona :bEdiciones Arielc1991 a331 p.c23 cm. a1. Una visión panorámica - 2. Después de Adán - 3. El perdurable intermedio - 4. Los mercaderes y el Estado - 5. El proyecto francés - 6. El nuevo mundo de Adam Smith - 7. Refinamiento, afirmación y las semillas de la revuelta - 8. La gran tradición clásica [1]: Por los alrededores - 9. La gran tradición clásica [2]: La corriente principal - 10. La gran tradición clásica [3]: La defensa de la fe - 11. La ofensiva general - 12. La peculiar personalidad del dinero - 13. Focos de interés en Estados Unidos : El comercio y los monopolios; los enriquecidos y los ricos - 14. Culminación y crítica - 15. La fuerza primordial d la Gran Depresión - 16. El nacimiento del Estado del bienestar - 17. John Maynard Keynes - 18. La confirmación de Marte - 19. Pleno mediodía - 20. Crepúsculo y toque de oración - 21. El presente como el futuro [I] - 22. El presente como el futuro [II].1 aGalbraith, John Kenneth41uhttps://www.biblioeco.unsa.edu.ar/pmb/images/libros/L127387.jpgyImagen de portadaqimage/jpeg